[Event "Open A"]
[Site "Poznan POL"]
[Date "2003.07.10"]
[Round "5"]
[White "Stachowiak,S"]
[Black "Wieclaw,M"]
[Result "0-1"]
[WhiteElo "2124"]
[BlackElo "2145"]

1.e4 e6 2.d4 d5 3.Nc3 Nf6 4.e5 Nfd7 5.Nf3 c5 6.Bb5 Nc6 7.O-O cxd4 8.Nxd4 Qc7
9.Re1 a6 10.Nxc6 bxc6 11.Ba4 Be7 12.Qg4 g6 13.Bh6 Bb7 14.Qg3 Qa5 15.a3 Bf8
16.b4 Qb6 17.Bxf8 Kxf8 18.Qf4 Kg7 19.Re3 Qc7 20.Rae1 Raf8 21.Rf3 h5 22.Qg5 h4
23.Qe7 Rh5 24.h3 Bc8 25.g3 hxg3 26.fxg3 Rxe5 27.Rxe5 Qxe5 28.Bxc6 Qe1+ 29.Kg2 Ne5
30.Qf6+ Kg8 31.Rf4 Qd2+ 32.Kg1 Qxc3 33.Kh2 Qxc2+ 34.Kg1 Qxc6 35.Qxe5 d4 36.Qf6 Bb7
37.Kf2 Qg2+ 38.Ke1 Qxg3+ 39.Kd2 Qe3+ 40.Kd1 d3 41.Rf2 Bd5 42.Rd2 Bb3+ 43.Kc1 Rc8+
44.Kb2 Qxd2+  0-1

[Event "1st Stage Russian Cup"]
[Site "Tomsk RUS"]
[Date "2003.07.10"]
[Round "7"]
[White "Loskutov,O"]
[Black "Bragin,A2"]
[Result "1/2-1/2"]
[WhiteElo "2430"]
[BlackElo "2255"]

1.e4 e6 2.d4 d5 3.Nc3 Nf6 4.e5 Nfd7 5.f4 c5 6.Nf3 Nc6 7.Ne2 Qb6 8.c3 Be7
9.Ng3 cxd4 10.cxd4 Bb4+ 11.Kf2 O-O 12.a3 Be7 13.b4 f6 14.Be3 g5 15.f5 fxe5
16.dxe5 Qc7 17.Nxg5 Ndxe5 18.Qh5 Bd6 19.b5 exf5 20.bxc6 Ng4+ 21.Ke2 Nxe3
22.Kxe3 f4+ 23.Kd2 fxg3 24.Bd3 Bf5 25.Bxf5 Rxf5 26.Kd3 bxc6 27.Qg4 Rf4 28.Qe6+ Kh8
29.hxg3 Rd4+ 30.Kxd4 Qb6+ 31.Kd3 Qb3+ 32.Ke2 Qc4+ 33.Kf3 Rf8+ 34.Nf7+ Rxf7+
35.Qxf7 Qe4+ 36.Kf2 Bc5+ 37.Kf1 Qd3+ 38.Ke1 Qc3+ 39.Ke2 Qe3+ 40.Kd1 Qd3+
41.Ke1 Qc3+ 42.Ke2 Qe3+ 43.Kf1 Qd3+  1/2-1/2

[Event "Pre-Amazon Open"]
[Site "Imperatriz BRA"]
[Date "2003.07.11"]
[Round "8"]
[White "Leitao,R"]
[Black "Pelikian,J"]
[Result "1-0"]
[WhiteElo "2550"]
[BlackElo "2415"]

1.e4 e6 2.d4 d5 3.Nc3 Nf6 4.e5 Nfd7 5.f4 c5 6.Nf3 Nc6 7.Be3 a6 8.Qd2 b5 9.dxc5 Bxc5
10.Bxc5 Nxc5 11.Bd3 b4 12.Ne2 Qb6 13.Ned4 Bd7 14.Qe3 Nxd4 15.Nxd4 Rc8 16.O-O g6
17.Rf2 Na4 18.Rb1 Bb5 19.g4 Bxd3 20.cxd3 b3 21.axb3 Nc5 22.Rc1 Rb8 23.Rc3 Nd7
24.Rfc2 O-O 25.Kf2 Rb7 26.Rc8 Rxc8 27.Rxc8+ Nf8 28.f5 exf5 29.gxf5 Rb8 30.Nc6 Qxe3+
31.Kxe3 Rxc8 32.Ne7+ Kg7 33.f6+ Kh6 34.Nxc8 g5 35.Ne7 d4+ 36.Kxd4 g4 37.Ke4 Kg5
38.Nf5 Ne6 39.d4 h5 40.Nd6 Nd8 41.Nxf7+ Nxf7 42.e6 g3 43.hxg3 Nh6 44.f7  1-0

[Event "32nd TCh-GRE"]
[Site "Kallithea Chalkidiki GRE"]
[Date "2003.07.11"]
[Round "9"]
[White "Polzin,R"]
[Black "Marjanovic,Slavo"]
[Result "1-0"]
[WhiteElo "2464"]
[BlackElo "2511"]

1.e4 e6 2.d4 d5 3.Nc3 Nf6 4.e5 Nfd7 5.f4 c5 6.Nf3 Nc6 7.Be3 cxd4 8.Nxd4 Qb6
9.Qd2 Qxb2 10.Rb1 Qa3 11.Bb5 Nxd4 12.Bxd4 Bb4 13.O-O O-O 14.Rb3 Qa5 15.Qe3 Nb6
16.f5 exf5 17.Rf3 Be6 18.Rg3 g6 19.Qh6 Rfc8 20.Rh3 Rc6 21.a3 Bxa3 22.Bxc6 bxc6
23.Rxa3 Qb4 24.Bxb6 Qxb6+ 25.Kh1 Rd8 26.Rb3 Qa6 27.Rb1 d4 28.Qxh7+ Kf8 29.Qh8+ Ke7
30.Qf6+ Kd7 31.Rd3 Kc7 32.Qe7+ Rd7 33.Qb4 Qb6 34.Qa3  1-0

[Event "Open A"]
[Site "Poznan POL"]
[Date "2003.07.11"]
[Round "6"]
[White "Sharapov,E"]
[Black "Stempin,P"]
[Result "0-1"]
[WhiteElo "2361"]
[BlackElo "2401"]

1.e4 e6 2.d4 d5 3.Nc3 Nf6 4.e5 Nfd7 5.f4 c5 6.Nf3 Nc6 7.Be3 a6 8.Qd2 b5 9.Qf2 b4
10.Ne2 Qb6 11.g3 g6 12.Bg2 a5 13.O-O Ba6 14.Rfd1 Bxe2 15.Qxe2 Nxd4 16.Nxd4 cxd4
17.Bxd4 Bc5 18.Qf2 Rb8 19.b3 O-O 20.a3 Rfc8 21.axb4 axb4 22.Ra4 Bxd4 23.Qxd4 Rxc2
24.Qxb6 Rxb6 25.Rd4 Rb2 26.Rdxb4 Rxb3 27.Rxb3 Rxb3 28.Ra7 Nc5 29.Rc7 Rc3
30.Rc8+ Kg7 31.Rd8 Rc1+ 32.Kf2 Rc2+ 33.Kg1 Nd3 34.Bf1 Ne1  0-1

[Event "ch-BEL"]
[Site "Eupen BEL"]
[Date "2003.07.12"]
[Round "8"]
[White "Akhayan,R"]
[Black "Michiels,B"]
[Result "1/2-1/2"]
[WhiteElo "2228"]
[BlackElo "2376"]

1.e4 e6 2.d4 d5 3.Nc3 Nf6 4.e5 Nfd7 5.Nf3 c5 6.dxc5 Nc6 7.Bf4 Bxc5 8.Bd3 f6
9.exf6 Nxf6 10.O-O O-O 11.Ne5 Bd7 12.Nxc6 Bxc6 13.Qe2 Qe7 14.Rae1 Rae8 15.Bg3 Qf7
16.Kh1 Kh8 17.Be5 Nd7 18.f4 Nxe5 19.Qxe5 Qf6 20.Ne2 Qxe5 21.fxe5 g6 22.c3 a6
23.Nd4 Bd7 24.Rxf8+ Rxf8 25.Rf1 Rxf1+ 26.Bxf1 Kg7 27.g3 Kf7 28.h4 Bf8 29.Bh3 Bh6
30.Kg2 Bc1 31.b3 Bd2 32.c4 dxc4 33.bxc4 Bc3 34.Nf3 h6 35.Kf2 Ba4 36.Ke3 Ke7
37.Nd4 Bd1 38.Nxe6 Bxe5 39.Nf4 Kf6 40.Bc8 g5 41.hxg5+  1/2-1/2

[Event "Open A"]
[Site "Poznan POL"]
[Date "2003.07.12"]
[Round "7"]
[White "Szelag,M"]
[Black "Schmidt,Wl"]
[Result "1/2-1/2"]
[WhiteElo "2375"]
[BlackElo "2406"]

1.e4 e6 2.d4 d5 3.Nc3 Nf6 4.e5 Nfd7 5.f4 c5 6.Nf3 Nc6 7.Be3 a6 8.Qd2 b5 9.dxc5 Bxc5
10.Bxc5 Nxc5 11.Qf2 Qb6 12.Bd3 b4 13.Ne2 a5 14.O-O Ba6 15.Kh1 Ne7 16.Rfd1 h6
17.Ng3 g6 18.Nd4 h5 19.Nge2 Nf5 20.Nxf5 gxf5 21.Qh4 Na4 22.Nd4 Bxd3 23.Rxd3 Qd8
24.Qxd8+ Kxd8 25.b3 Nc5 26.Rh3 Ne4 27.Kg1 Kc7 28.Kf1 Kb6 29.a4 bxa3 30.Rxa3 Rac8
31.Ra4  1/2-1/2

[Event "Open A"]
[Site "Poznan POL"]
[Date "2003.07.12"]
[Round "7"]
[White "Krupa,Ba"]
[Black "Wieclaw,M"]
[Result "0-1"]
[WhiteElo "2038"]
[BlackElo "2145"]

1.e4 e6 2.d4 d5 3.Nc3 Nf6 4.e5 Nfd7 5.f4 c5 6.Nf3 Nc6 7.Be3 a6 8.Qd2 b5 9.dxc5 Bxc5
10.Nd4 Qb6 11.Nce2 b4 12.Bg1 O-O 13.Nb3 Bxg1 14.Rxg1 f6 15.exf6 Nxf6 16.O-O-O Ne4
17.Qe1 Qe3+ 18.Kb1 Nf2 19.Rc1 Ne4 20.Rd1 Nf2 21.Rc1 Qa7 22.g3 Ng4 23.Qd2 a5
24.Bh3 Ne3 25.Nbd4 Nc4 26.Qd3 Nxd4 27.Qxd4 Qa6 28.Rge1 a4 29.f5 b3 30.a3 Qb5
31.c3 e5 32.Qh4 Nxa3+ 33.Ka1 Nc4  0-1

[Event "24th Open"]
[Site "Bled SLO"]
[Date "2003.07.19"]
[Round "7"]
[White "Janovsky,S"]
[Black "Mencinger,V"]
[Result "1-0"]
[WhiteElo "2495"]
[BlackElo "2360"]

1.e4 e6 2.d4 d5 3.Nc3 Nf6 4.e5 Nfd7 5.Nf3 c5 6.dxc5 Nc6 7.Bf4 Bxc5 8.Bd3 f6
9.exf6 Qxf6 10.Bg5 Qf7 11.Qe2 O-O 12.O-O-O Kh8 13.Kb1 Nb4 14.Bh4 Nxd3 15.Rxd3 h6
16.Re1 Bb4 17.a3 Ba5 18.b4 Bd8 19.Nb5 g5 20.Bg3 a5 21.Bd6 axb4 22.Bxb4 b6
23.Nd6 Qg7 24.Nxc8 Rxc8 25.Qxe6 Rf7 26.Bc3 Bf6 27.Bxf6 Rxf6 28.Qxd5 Nc5 29.Rde3 Rc7
30.h3 Kh7 31.Qd4 Rd7 32.Qc4 Rfd6 33.Ne5 Ra7 34.Rf3 Re6 35.Rfe3 Rd6 36.Qg4 Rf6
37.Rf3 Ra4 38.Qc8 Rxf3 39.Nxf3 Ne4 40.Qf5+ Qg6 41.Qxg6+ Kxg6 42.Ne5+ Kf5
43.Nd3 Nd2+ 44.Kc1 Nc4 45.Nb2 Nxb2 46.Kxb2 Rc4 47.Re8  1-0

[Event "TCh-Europe u18"]
[Site "Balatonlelle HUN"]
[Date "2003.07.21"]
[Round "3"]
[White "Heberla,B"]
[Black "Erdos,V"]
[Result "0-1"]
[WhiteElo "2420"]
[BlackElo "2420"]

1.e4 e6 2.d4 d5 3.Nc3 Nf6 4.e5 Nfd7 5.Nf3 c5 6.dxc5 Nc6 7.Bf4 Bxc5 8.Bd3 f6
9.exf6 Qxf6 10.Bg3 O-O 11.O-O a6 12.Qe2 Nd4 13.Nxd4 Bxd4 14.Rae1 Nc5 15.Bd6 Nxd3
16.cxd3 Rf7 17.Nxd5 Qd8 18.Ne7+ Rxe7 19.Bxe7 Qxe7 20.Rc1 Qd6 21.Qe4 Rb8 22.Rc4 e5
23.Rfc1 Bd7 24.R4c2 Bc6 25.Qg4 Rf8 26.Kh1 h6 27.Rf1 Rf4 28.Qg3 Qe6 29.f3 Qxa2
30.Re2 Qb3  0-1

[Event "TCh-Europe u18 girls"]
[Site "Balatonlelle HUN"]
[Date "2003.07.21"]
[Round "3"]
[White "Zawadzka,J"]
[Black "Kubikova,A"]
[Result "1-0"]
[WhiteElo "2275"]
[BlackElo "2170"]

1.e4 e6 2.d4 d5 3.Nc3 Nf6 4.e5 Nfd7 5.f4 c5 6.Nf3 Nc6 7.Be3 a6 8.Qd2 b5 9.dxc5 Bxc5
10.Bxc5 Nxc5 11.Qf2 Qb6 12.Bd3 b4 13.Ne2 a5 14.O-O Ba6 15.Rad1 Bxd3 16.cxd3 Rb8
17.Ned4 Nxd4 18.Nxd4 O-O 19.Kh1 f6 20.Rfe1 Nd7 21.Qe3 f5 22.h3 Kh8 23.Rd2 Rbc8
24.g4 g6 25.Rg2 Nc5 26.Rc1 Nd7 27.Rxc8 Rxc8 28.gxf5 exf5 29.e6 Re8 30.Re2 Nf6
31.Qe5 Kg7 32.Nxf5+  1-0

[Event "MTO"]
[Site "Biel SUI"]
[Date "2003.07.22"]
[Round "2"]
[White "Kritz,L"]
[Black "O'Cinneide,M"]
[Result "1-0"]
[WhiteElo "2522"]
[BlackElo "2258"]

1.e4 e6 2.d4 d5 3.Nc3 Nf6 4.e5 Nfd7 5.f4 c5 6.Nf3 Nc6 7.Be3 cxd4 8.Nxd4 Bc5
9.Qd2 O-O 10.O-O-O a6 11.Qf2 Nxd4 12.Bxd4 Qc7 13.Bd3 b5 14.Qh4 g6 15.Ne2 b4
16.Qh6 a5 17.h4 Bxd4 18.Nxd4 Rd8 19.h5 Nf8 20.Qg5 Ba6 21.Bxa6 Rxa6 22.Qf6 Nd7
23.Qe7  1-0

[Event "ch-NED Open"]
[Site "Dieren NED"]
[Date "2003.07.22"]
[Round "1"]
[White "Nijboer,F"]
[Black "Jensen,JB"]
[Result "1-0"]
[WhiteElo "2588"]
[BlackElo "2194"]

1.e4 e6 2.d4 d5 3.Nc3 Nf6 4.e5 Nfd7 5.f4 c5 6.Nf3 Nc6 7.Be3 cxd4 8.Nxd4 Bc5
9.Qd2 Bxd4 10.Bxd4 Nxd4 11.Qxd4 Qb6 12.Qxb6 Nxb6 13.Bd3 Bd7 14.O-O-O Bc6
15.Ne2 Nd7 16.Nd4 Ke7 17.Rde1 Nc5 18.Rhf1 g6 19.Kd2 h5 20.g3 Rag8 21.h3 Bd7
22.Re3 Rc8 23.b3 Rc7 24.c3 a5 25.a3 Rhc8 26.Bc2 Ra8 27.g4 hxg4 28.hxg4 a4
29.b4 Nb3+ 30.Bxb3 axb3 31.Kc1 Rxa3 32.Kb2 Ra2+ 33.Kxb3 Rg2 34.g5 Rc8 35.Ra1 Rh8
36.Ra2 Rxa2 37.Kxa2 Rh2+ 38.Kb3 Rf2 39.Rf3 Rxf3 40.Nxf3 b5 41.Kc2 Kd8 42.Kd3 Kc7
43.Nh2 Be8 44.Ng4 Kb7 45.Ke3 Kc7 46.Nh6 Kb7 47.Ng8 Kc7 48.Nf6 Bc6 49.Kd3 Kb7
50.Nh7 Kc7 51.Kd4 Kb6 52.Nf6 Kb7 53.Kc5 Kc7 54.Ng4 Bd7 55.Ne3  1-0

[Event "18th Touraine Open"]
[Site "Avoine FRA"]
[Date "2003.07.23"]
[Round "5"]
[White "Lejarre,L"]
[Black "Boukobza,A"]
[Result "1-0"]
[WhiteElo "2301"]
[BlackElo "2119"]

1.e4 e6 2.d4 d5 3.Nc3 Nf6 4.e5 Nfd7 5.f4 c5 6.Nf3 Nc6 7.Be3 a6 8.Qd2 b5 9.a3 cxd4
10.Nxd4 Nxd4 11.Bxd4 Bc5 12.Bxc5 Nxc5 13.Qf2 Qe7 14.Bd3 O-O 15.O-O Bd7 16.Rae1 Nxd3
17.cxd3 g6 18.Nd1 b4 19.axb4 Rab8 20.Ne3 f5 21.exf6 Qxf6 22.Ng4 Qe7 23.Qd4 Qg7
24.Ne5 Rb7 25.Ra1 Rfb8 26.Rxa6 Bc8 27.Rc1 Qf8 28.Qc5 Rxb4 29.Qxf8+ Kxf8 30.Ra7 Rxb2
31.Rcc7 Rb1+ 32.Kf2 R8b2+ 33.Kg3 Bb7 34.Nd7+ Ke8 35.Nc5 Rg1 36.Nxb7 Rgxg2+
37.Kf3 Rgf2+ 38.Ke3  1-0

[Event "ch-NED Open"]
[Site "Dieren NED"]
[Date "2003.07.23"]
[Round "2"]
[White "Van Helvoort,R"]
[Black "Van der Merwe,C"]
[Result "1/2-1/2"]
[WhiteElo "2186"]
[BlackElo "2068"]

1.e4 e6 2.d4 d5 3.Nc3 Nf6 4.e5 Nfd7 5.Nce2 c5 6.f4 Nc6 7.c3 b5 8.a3 a5 9.Nf3 Ba6
10.h4 b4 11.h5 Qb6 12.Ng3 Bxf1 13.Rxf1 bxc3 14.bxc3 g6 15.Rf2 a4 16.Rb2 Qa5
17.Bd2  1/2-1/2

[Event "TCh-Europe u18"]
[Site "Balatonlelle HUN"]
[Date "2003.07.24"]
[Round "5"]
[White "Dimitrijevic,A"]
[Black "Zaragatski,I"]
[Result "0-1"]
[WhiteElo "2383"]
[BlackElo "2329"]

1.e4 e6 2.d4 d5 3.Nc3 Nf6 4.e5 Nfd7 5.f4 c5 6.Nf3 Nc6 7.Ne2 Qb6 8.c3 f6 9.a3 Be7
10.g3 cxd4 11.cxd4 O-O 12.Bh3 fxe5 13.Bxe6+ Kh8 14.Bxd5 exd4 15.Nfxd4 Nxd4
16.Qxd4 Bc5 17.Qc3 Nf6 18.Bg2 Bg4 19.Bf3 Bf2+ 20.Kf1 Rac8 21.Qd3 Rfd8  0-1

[Event "TCh-Europe u18"]
[Site "Balatonlelle HUN"]
[Date "2003.07.24"]
[Round "5"]
[White "Kanovsky,D"]
[Black "Erdos,V"]
[Result "0-1"]
[WhiteElo "2254"]
[BlackElo "2420"]

1.e4 e6 2.d4 d5 3.Nc3 Nf6 4.e5 Nfd7 5.f4 c5 6.Nf3 Nc6 7.Be3 a6 8.Qd2 b5 9.dxc5 Bxc5
10.Bxc5 Nxc5 11.Qf2 Qb6 12.Bd3 b4 13.Ne2 a5 14.O-O Ba6 15.Kh1 Ne7 16.Rad1 Na4
17.Qxb6 Nxb6 18.b3 Nf5 19.Bxa6 Rxa6 20.Rd3 h5 21.Nfd4 Nxd4 22.Nxd4 g6 23.g3 Nd7
24.Kg2 Nc5 25.Re3 Kd7 26.h3 Ne4 27.Ree1 a4 28.Rh1 Ra5 29.Re3 Rc5 30.bxa4 Ra8
31.g4 Rxa4 32.f5 gxf5 33.gxf5 b3 34.fxe6+ fxe6 35.Rxe4 dxe4 36.Nxb3 Rxc2+
37.Kg3 Rc3+ 38.Kh4 e3+ 39.Kxh5 Rxa2 40.Nd4 e2  0-1

[Event "ITT"]
[Site "Vicente Lopez ARG"]
[Date "2003.07.24"]
[Round "1"]
[White "Llorens,M"]
[Black "Valiente,C"]
[Result "1/2-1/2"]
[WhiteElo "2374"]
[BlackElo "2322"]

1.e4 e6 2.d4 d5 3.Nc3 Nf6 4.e5 Nfd7 5.f4 c5 6.Nf3 Nc6 7.Be3 a6 8.a3 cxd4
9.Nxd4 Bc5 10.b4 Bxd4 11.Bxd4 Nxd4 12.Qxd4 O-O 13.Bd3 Qb6 14.Ne2 Qxd4 15.Nxd4 Nb6
16.a4 Bd7 17.a5 Nc8 18.O-O Ne7 19.Nb3 Rac8 20.Nc5 Rc7 21.Nxd7 Rxd7 22.b5 axb5
23.Rfb1 Ra8 24.Rxb5 g6 25.g4 g5 26.Kf2 gxf4 27.Kf3 Ng6 28.Bxg6 hxg6 29.Kxf4 Rc8
30.Rab1 Rcc7 31.Kg5 Kg7 32.h4 Rxc2 33.Rxb7 Rxb7 34.Rxb7 Re2 35.a6 Rxe5+ 36.Kf4 Re4+
37.Kf3 Ra4 38.a7 e5 39.g5 Ra3+ 40.Kg4 Ra4+ 41.Kf3 Ra3+ 42.Kg4  1/2-1/2

[Event "ch-NED Open"]
[Site "Dieren NED"]
[Date "2003.07.25"]
[Round "4"]
[White "Dogge,M"]
[Black "Wustefeld,E"]
[Result "1/2-1/2"]
[WhiteElo "2176"]
[BlackElo "2321"]

1.e4 e6 2.d4 d5 3.Nc3 Nf6 4.e5 Nfd7 5.Nce2 c5 6.f4 Nc6 7.Nf3 b5 8.g3 Qb6
9.Be3 b4 10.f5 cxd4 11.fxe6 dxe3 12.exd7+ Bxd7 13.Qxd5 Be6 14.Qe4 Rd8 15.Nf4 Be7
16.Nxe6 fxe6 17.Bd3 g6 18.h4  1/2-1/2

[Event "8th Open"]
[Site "Creon FRA"]
[Date "2003.07.29"]
[Round "2"]
[White "Favarel,J"]
[Black "Millet,C"]
[Result "1/2-1/2"]
[WhiteElo "2172"]
[BlackElo "1892"]

1.e4 e6 2.d4 d5 3.Nc3 Nf6 4.e5 Nfd7 5.f4 c5 6.Nf3 Nc6 7.Be3 Qa5 8.a3 c4 9.Be2 g6
10.g4 b5 11.f5 gxf5 12.gxf5 exf5 13.Bd2 Qd8 14.Bf4 Nb6 15.Nxb5 Be6 16.Rg1 a6
17.Nd6+ Bxd6 18.exd6 Nc8 19.Qd2 Nxd6 20.Bxd6 Qxd6 21.Qg5 Kd7  1/2-1/2

[Event "Curacao Sedreko Open"]
[Site "Willemstad AHO"]
[Date "2003.07.31"]
[Round "6"]
[White "Macieja,B"]
[Black "Prasca,R"]
[Result "1-0"]
[WhiteElo "2627"]
[BlackElo "2397"]

1.e4 e6 2.d4 d5 3.Nc3 Nf6 4.e5 Nfd7 5.f4 c5 6.Nf3 Nc6 7.Be3 cxd4 8.Nxd4 Bc5
9.Qd2 a6 10.g3 O-O 11.Bg2 Qc7 12.Nce2 Nxd4 13.Nxd4 Nb6 14.b3 Bd7 15.O-O Rac8
16.a4 Na8 17.Rf2 Bb6 18.Rd1 Qc3 19.Qe2 Rfe8 20.h4 Bc5 21.h5 Bf8 22.g4 Nc7
23.g5 b5 24.a5 Re7 25.g6 fxg6 26.hxg6 h6 27.Qf3 Ree8 28.Rd3 Qxa5 29.f5 exf5
30.Nxf5 Bxf5 31.Qxf5 Qa1+ 32.Rf1 Qxe5 33.Qf7+ Kh8 34.Bxh6  1-0

[Event "ch-SLO w"]
[Site "Bled SLO"]
[Date "2003.08.04"]
[Round "3"]
[White "Kaps,D"]
[Black "Rozic,V"]
[Result "0-1"]
[WhiteElo "2237"]
[BlackElo "2138"]

1.e4 e6 2.d4 d5 3.Nc3 Nf6 4.e5 Nfd7 5.f4 c5 6.Nf3 Nc6 7.Be3 a6 8.Qd2 b5 9.dxc5 Bxc5
10.Qf2 Qb6 11.Bxc5 Nxc5 12.Bd3 b4 13.Ne2 a5 14.O-O Ba6 15.Kh1 Ne7 16.a3 Bxd3
17.cxd3 Rb8 18.Nfd4 h5 19.Qg3 g6 20.a4 h4 21.Qh3 Kd7 22.Rfc1 Rbc8 23.Rc2 Nf5
24.Qf3 Nxd4 25.Nxd4 Nxa4 26.Rxc8 Rxc8 27.Nb3 Qc6 28.h3 Nxb2 29.Nxa5 Qc3 30.Nb7 Nxd3
31.Rd1 Nb2 32.Rxd5+ exd5 33.Qg4+ Kc7 34.Nd6 Qe1+ 35.Kh2 Qg3+ 36.Qxg3 hxg3+
37.Kxg3 Nc4  0-1

[Event "ch-SLO"]
[Site "Bled SLO"]
[Date "2003.08.05"]
[Round "4"]
[White "Ravnik,F"]
[Black "Kozamernik,J"]
[Result "0-1"]
[WhiteElo "1996"]
[BlackElo "2199"]

1.e4 e6 2.d4 d5 3.Nc3 Nf6 4.e5 Nfd7 5.f4 c5 6.Nf3 Nc6 7.Bb5 a6 8.Bxc6 bxc6
9.O-O cxd4 10.Nxd4 c5 11.Nf3 Be7 12.Ne2 d4 13.c3 dxc3 14.Nxc3 Bb7 15.Qe2 O-O
16.b3 Nb6 17.Be3 Nd5 18.Bd2 Rc8 19.Ne4 Qb6 20.Kh1 Qb5 21.Qf2 Nb4 22.Nd6 Bxd6
23.exd6 Rcd8 24.Bc3 Rxd6 25.Ne5 f6 26.a4 Nd3 27.axb5 Nxf2+ 28.Rxf2 fxe5 29.Bxe5 Rd5
30.bxa6 Bxa6 31.Rfa2 Rfd8 32.h3 Bb7 33.Ra7 R8d7 34.R1a2 Rd3 35.Kh2 Rxb3 36.Rc2 Rbd3
37.Rb2 Be4 38.Rb8+ Kf7 39.Rxd7+ Rxd7 40.Rc8 Kg6 41.g4 h5 42.Rxc5 h4 43.Rc7 Rd1
44.Rxg7+ Kh6  0-1

[Event "Valoz Cup"]
[Site "Olomouc CZE"]
[Date "2003.08.05"]
[Round "9"]
[White "Kanovsky,D"]
[Black "Obsivac,J"]
[Result "0-1"]
[WhiteElo "2254"]
[BlackElo "2356"]

1.e4 e6 2.d4 d5 3.Nc3 Nf6 4.e5 Nfd7 5.f4 c5 6.Nf3 Nc6 7.Be3 a6 8.Qd2 b5 9.dxc5 Nxc5
10.Qf2 Ne4 11.Nxe4 dxe4 12.Nd2 Bb7 13.a3 Be7 14.g3 Nd4 15.Rc1 Rc8 16.c3 Nf5
17.b4 f6 18.c4 fxe5 19.Bh3 exf4  0-1

[Event "WYol u16"]
[Site "Denizli TUR"]
[Date "2003.08.06"]
[Round "4"]
[White "Ponkratov,P"]
[Black "Kairbekov,Ruslan"]
[Result "1-0"]
[WhiteElo "2296"]
[BlackElo "2132"]

1.e4 e6 2.d4 d5 3.Nc3 Nf6 4.e5 Nfd7 5.Nce2 c5 6.c3 Qa5 7.f4 b5 8.dxc5 b4
9.cxb4 Qxb4+ 10.Bd2 Qe4 11.b4 d4 12.Nh3 a5 13.Nf2 Qd5 14.a3 g5 15.g3 gxf4
16.gxf4 Rg8 17.Qb1 Be7 18.h4 f5 19.Rh3 Nf8 20.h5 Nfd7 21.Qb2 Nc6 22.Rb1 a4
23.Qc2 h6 24.Rb2 Ra7 25.Rb1 Ra8 26.Bc1 Ra7 27.Qd1 Ba6 28.b5 Rb7 29.bxc6 Rxb1
30.cxd7+ Qxd7 31.Qc2 Rb8 32.c6 Qd5 33.c7 Rc8 34.Qxa4+ Bb5 35.Qxd4 Qxd4 36.Nxd4 Rxc7
37.Bxb5+ Kf7 38.Ne2  1-0

[Event "North Ural Cup"]
[Site "Krasnoturinsk RUS"]
[Date "2003.08.11"]
[Round "3"]
[White "Kosintseva,T"]
[Black "Zhukova,N"]
[Result "1/2-1/2"]
[WhiteElo "2450"]
[BlackElo "2439"]

1.e4 e6 2.d4 d5 3.Nc3 Nf6 4.e5 Nfd7 5.f4 c5 6.Nf3 Nc6 7.Ne2 Qb6 8.c3 f6 9.a3 a5
10.g3 Be7 11.Bh3 O-O 12.Bxe6+ Kh8 13.Bxd5 cxd4 14.e6 Nc5 15.f5 Rd8 16.Nf4 dxc3
17.bxc3 Ne4 18.Qc2 Ng5 19.Qe2 Qc5 20.c4 Nxf3+ 21.Qxf3 Qd4 22.Ra2 Qe5+ 23.Ne2 Nd4
24.Qe4 Nxf5 25.Qxe5 fxe5 26.O-O Nd6 27.Bb2 Bf6 28.a4 h6 29.Ba3 Ra6 30.Nc3 e4
31.Bxd6 Raxd6 32.Nxe4 Rxe6 33.Bxe6 Bxe6 34.Rc2 Bd4+ 35.Kg2 Bd7 36.Rd2 Bxa4
37.Nc3 Bc6+ 38.Nd5 Bc5 39.Kh3 b5 40.Rfd1 bxc4 41.Nc3 Rxd2 42.Rxd2 Bb4 43.Rc2 Bd7+
44.Kg2 Bf5 45.Rc1 Ba3 46.Ra1 Bb4 47.Rc1 Ba3 48.Ra1 Bb4 49.Rc1 Ba3 50.Ra1  1/2-1/2

[Event "Open"]
[Site "Vienna AUT"]
[Date "2003.08.17"]
[Round "2"]
[White "Buchinger,F"]
[Black "Lucaci,M"]
[Result "0-1"]
[WhiteElo "2017"]
[BlackElo "2148"]

1.e4 e6 2.d4 d5 3.Nc3 Nf6 4.e5 Nfd7 5.f4 c5 6.Nf3 Nc6 7.Be3 Qb6 8.Qd2 Qxb2
9.Rb1 Qa3 10.Bb5 cxd4 11.Nxd4 Na5 12.Bxd7+ Bxd7 13.Ncb5 Qxa2 14.O-O Nc4 15.Qc3 Rc8
16.Ra1 Nxe3 17.Nc7+ Rxc7 18.Qxe3 Qc4 19.Rxa7 Bc5  0-1

[Event "Open"]
[Site "Vienna AUT"]
[Date "2003.08.23"]
[Round "8"]
[White "Pavlovic,Mi"]
[Black "Neubauer,M"]
[Result "1-0"]
[WhiteElo "2569"]
[BlackElo "2417"]

1.e4 e6 2.d4 d5 3.Nc3 Nf6 4.e5 Nfd7 5.f4 c5 6.Nf3 Nc6 7.Be3 a6 8.Qd2 b5 9.Be2 Qb6
10.Nd1 cxd4 11.Nxd4 Bc5 12.c3 Rb8 13.Rc1 Bb7 14.O-O O-O 15.Kh1 Qa7 16.Nxc6 Bxc6
17.b4 Bxe3 18.Nxe3 f6 19.Ng4 f5 20.Ne3 Nb6 21.Nc2 Rfc8 22.Nd4 Bd7 23.g4 fxg4
24.Bxg4 Re8 25.Qg2 Re7 26.Rf3 Rf8 27.Rg1 Kh8 28.Qh3 Rfe8 29.Bh5 Rf8 30.Bg6 h6
31.Rfg3 Qb8 32.Bd3 Rg8 33.Rxg7 Rgxg7 34.Qxh6+ Kg8 35.Qh7+  1-0

[Event "ADCF Masters"]
[Site "Abu Dhabi UAE"]
[Date "2003.08.25"]
[Round "9"]
[White "Salem,Gh"]
[Black "Al Sayed,Mohamad"]
[Result "1/2-1/2"]
[WhiteElo "2341"]
[BlackElo "2455"]

1.e4 e6 2.d4 d5 3.Nc3 Nf6 4.e5 Nfd7 5.f4 c5 6.Be3 cxd4 7.Bxd4 Nc6 8.Bb5 Nxd4
9.Qxd4 a6 10.Be2 b5 11.Nf3 Qb6 12.Qxb6 Nxb6 13.Nd4 Bd7 14.O-O-O Rc8 15.a4 Nxa4
16.Nxa4 bxa4 17.Bxa6 Rb8 18.c3 Bc5 19.Kb1 Ke7 20.Ka2 Rb6 21.Be2 Rc8 22.Rhe1 Rcb8
23.Rd2 f6 24.Bf3 Bxd4 25.cxd4 Bb5 26.exf6+ Kxf6 27.Bd1 Rc8 28.Bc2 h6  1/2-1/2

[Event "ch-ISL"]
[Site "Hafnarborg ISL"]
[Date "2003.08.29"]
[Round "6"]
[White "Sigfusson,S"]
[Black "Asmundsson,I"]
[Result "1/2-1/2"]
[WhiteElo "2323"]
[BlackElo "2321"]

1.d4 e6 2.e4 d5 3.Nc3 Nf6 4.e5 Nfd7 5.f4 c5 6.Nf3 Nc6 7.Be3 Qb6 8.Qd2 cxd4
9.Nxd4 Bc5 10.O-O-O Bxd4 11.Bxd4 Nxd4 12.Qxd4 Qxd4 13.Rxd4  1/2-1/2

[Event "TCh-BIH"]
[Site "Neum BIH"]
[Date "2003.08.29"]
[Round "9"]
[White "Devedzic,O"]
[Black "Golac,S"]
[Result "0-1"]
[WhiteElo "2194"]
[BlackElo "1984"]

1.e4 e6 2.d4 d5 3.Nc3 Nf6 4.e5 Nfd7 5.f4 c5 6.Nce2 Qb6 7.Nf3 Nc6 8.c3 Be7
9.g3 cxd4 10.cxd4 O-O 11.Bh3 Na5 12.O-O Nb8 13.b3 Bd7 14.Be3 Na6 15.g4 Rac8
16.f5 Nb4 17.Ne1 f6 18.a3 Nbc6 19.fxe6 Bxe6 20.Nf4 Nd8 21.Ned3 fxe5 22.Nxe5 Bg5
23.Rb1 Bxf4 24.Rxf4 Rxf4 25.Bxf4 Rc3 26.Bg2 Rxb3 27.Rxb3 Qxb3 28.Qe1 Qb6
29.Qf2 Ndc6 30.Be3 Nxe5 31.dxe5 Qb1+ 32.Bf1 Bxg4 33.Bc5 h6 34.e6 Bxe6 35.Qf8+ Kh7
36.Bd4 Qg6+ 37.Kf2 Qf7+ 38.Qxf7 Bxf7 39.Bxa7 Nc6 40.Bc5 Kg6 41.Ke3 Be6 42.Bb5 Ne5
43.Bd6 Nc4+ 44.Bxc4 dxc4 45.Kd4 Kf6 46.Be5+ Kf7 47.a4 g5 48.a5 Kg6 49.Ke4 Bf5+
50.Ke3 Bd3 51.Kf3 Kf5 52.Bg7 h5 53.Bc3 h4 54.Bg7 g4+ 55.Ke3 g3 56.hxg3 h3
57.Kf2 Be2 58.Kg1 Ke4 59.Kh2 Bg4  0-1

[Event "HMC Calder Cup B"]
[Site "'s-Hertogenbosch NED"]
[Date "2003.08.30"]
[Round "3"]
[White "Muhren,W"]
[Black "Span,P"]
[Result "0-1"]
[WhiteElo "2175"]
[BlackElo "2279"]

1.e4 e6 2.d4 d5 3.Nc3 Nf6 4.e5 Nfd7 5.f4 c5 6.Nf3 Nc6 7.Be3 a6 8.Qd2 b5 9.g3 Qb6
10.Bg2 cxd4 11.Nxd4 Bc5 12.O-O-O Na5 13.Bg1 Nc4 14.Qe2 Bb7 15.h4 Qc7 16.g4 Nxb2
17.Nxd5 exd5 18.Kxb2 Ba3+ 19.Kxa3 Qc3+ 20.Nb3 Bc6  0-1

[Event "2nd It"]
[Site "Pays de Charleroi BEL"]
[Date "2003.08.30"]
[Round "9"]
[White "Cappon,J"]
[Black "Michiels,B"]
[Result "1/2-1/2"]
[WhiteElo "2216"]
[BlackElo "2376"]

1.e4 e6 2.d4 d5 3.Nc3 Nf6 4.e5 Nfd7 5.f4 c5 6.Nf3 a6 7.Be3 Qb6 8.Na4 Qa5+
9.c3 cxd4 10.b4 Qc7 11.Qxd4 Nc6 12.Qd2 b5 13.Nb2 f6 14.a4 Rb8 15.axb5 axb5
16.Nd4 Nxd4 17.Bxd4 fxe5 18.fxe5 Be7 19.Qf4 Rf8 20.Qg3 Rf7 21.Bd3 g6 22.Rf1 Rxf1+
23.Kxf1 Qc6 24.Qh3 Ra8 25.Rxa8 Qxa8 26.Nd1 Qa4 27.Be2 Nf8 28.Ne3 Bd7 29.Kf2 Qa1
30.Nc2 Qc1 31.Ne1 Qf4+ 32.Nf3 Kd8 33.g3 Qc1 34.Qg4 Be8 35.Qf4 Qh1 36.Bf1 g5
37.Nxg5 Qxh2+ 38.Bg2 Qh5 39.Nf3 Bg6 40.Qd2 Qf5 41.Qe2 Qd3 42.Qa2 Qc2+ 43.Qxc2 Bxc2
44.Bf1 Ba4 45.Bd3 Kd7 46.Be3 Ng6 47.Bf4 Bd8 48.Bxg6 hxg6 49.Bg5 Bb6+ 50.Nd4 Bc2
51.Ke3 Be4 52.Kf4 Bxd4 53.cxd4 Ke8 54.Bf6  1/2-1/2

[Event "Acropolis Open"]
[Site "Athens GRE"]
[Date "2003.09.02"]
[Round "9"]
[White "Sigalas,F"]
[Black "Stavrianakis,I"]
[Result "1/2-1/2"]
[WhiteElo "2182"]
[BlackElo "2035"]

1.e4 e6 2.d4 d5 3.Nc3 Nf6 4.e5 Nfd7 5.f4 c5 6.Nf3 Nc6 7.Be3 cxd4 8.Nxd4 Bc5
9.Qd2 Nxd4 10.Bxd4 Bxd4 11.Qxd4 Qb6 12.Qxb6 Nxb6 13.Nb5 Ke7 14.O-O-O Bd7
15.Nd4 g6 16.b3 Rac8 17.Bd3 h5 18.g3 Bc6 19.Kd2 Nd7 20.h4 Nc5 21.a4 b6 22.Ra1 a5
23.Rhb1 Bd7 24.Ra3 Rc7 25.Raa1 Rhc8 26.Re1 Be8 27.Rac1 Bd7 28.Rh1 Bc6 29.Rhg1 Bd7
30.Rce1 Rh8 31.Re2 Rcc8 32.Rh2 Rh6 33.Rhh1 Rc7 34.Ke3 Rh8 35.Ra1  1/2-1/2

[Event "European GP"]
[Site "Izmir TUR"]
[Date "2003.09.03"]
[Round "9"]
[White "Keler,F"]
[Black "Ghane,S"]
[Result "0-1"]
[WhiteElo "2189"]
[BlackElo "2374"]

1.e4 e6 2.d4 d5 3.Nc3 Nf6 4.e5 Nfd7 5.f4 c5 6.Nf3 a6 7.Be3 Qb6 8.Na4 Qc7
9.Qd2 c4 10.Nc3 b5 11.f5 Nb6 12.fxe6 Bxe6 13.Ne2 Nc6 14.a3 h6 15.g3 Na4 16.Ra2 g5
17.Bg2 Ne7 18.Nc3 Nb6 19.O-O Ng6 20.Kh1 Be7 21.Ng1 O-O-O 22.a4 b4 23.a5 bxc3
24.axb6 Qxb6 25.bxc3 Rd7 26.Rfa1 Ra7 27.Ra5 Rd8 28.Qe2 Rad7 29.Bc1 Bf8 30.Bf3 Ne7
31.R5a2 Nc6 32.Bg4 a5  0-1